Wird geladen...
Structure of economics A mathematical analysis /
| 1. Verfasser: | |
|---|---|
| Sprache: | Undetermined |
| Veröffentlicht: |
New York :
McGraw-Hill ,
1990.
|
| LEADER | 00457nam a2200133Ia 4500 | ||
|---|---|---|---|
| 001 | 108112 | ||
| 008 | 170722s9999 xx 000 0 und d | ||
| 100 | |a Siberberg, Eugene | ||
| 245 | |a Structure of economics |b A mathematical analysis / | ||
| 260 | |a New York : |b McGraw-Hill , |c 1990. | ||
| 300 | |a PpXVI+686 |c 21cms | ||
| 942 | |c GEN | ||
| 999 | |c 112407 |d 112407 | ||
| 952 | |0 0 |1 0 |4 0 |6 X_B28_NO |7 0 |8 LC1 |9 158574 |a LIB |b LIB |d 2017-08-12 |h LC1 |o X:(B28) NO |p 212990 |r 2017-08-12 |w 2017-08-12 |y GEN | ||